|
|
|
|
| LEADER |
01406nam a22003734a 4500 |
| 001 |
EBC3004348 |
| 003 |
MiAaPQ |
| 005 |
20200520144314.0 |
| 006 |
m o d | |
| 007 |
cr cn||||||||| |
| 008 |
010926s2001 dcua sb 001 0 eng |
| 010 |
|
|
|z 2001005928
|
| 020 |
|
|
|z 0815702000 (cloth : alk. paper)
|
| 020 |
|
|
|z 0815702019 (pbk.)
|
| 035 |
|
|
|a (MiAaPQ)EBC3004348
|
| 035 |
|
|
|a (Au-PeEL)EBL3004348
|
| 035 |
|
|
|a (CaPaEBR)ebr10026280
|
| 035 |
|
|
|a (OCoLC)53371698
|
| 040 |
|
|
|a MiAaPQ
|c MiAaPQ
|d MiAaPQ
|
| 050 |
|
4 |
|a HB501
|b .G6275 2001
|
| 082 |
0 |
4 |
|a 322/.3/0973
|2 21
|
| 245 |
0 |
0 |
|a Governance amid bigger, better markets
|h [electronic resource] /
|c John D. Donahue, Joseph S. Nye, Jr., editors ; Visions of Governance in the 21st Century.
|
| 260 |
|
|
|a Washington, D.C. :
|b Brookings Institution Press,
|c c2001.
|
| 300 |
|
|
|a viii, 354 p. :
|b ill.
|
| 504 |
|
|
|a Includes bibliographical references and index.
|
| 533 |
|
|
|a Electronic reproduction. Ann Arbor, MI : ProQuest, 2015. Available via World Wide Web. Access may be limited to ProQuest affiliated libraries.
|
| 650 |
|
0 |
|a Capitalism.
|
| 650 |
|
0 |
|a Corporate governance.
|
| 650 |
|
0 |
|a Political culture.
|
| 655 |
|
4 |
|a Electronic books.
|
| 700 |
1 |
|
|a Donahue, John D.
|
| 700 |
1 |
|
|a Nye, Joseph S.
|
| 710 |
2 |
|
|a ProQuest (Firm)
|
| 856 |
4 |
0 |
|u https://ebookcentral.proquest.com/lib/matrademy/detail.action?docID=3004348
|z Click to View
|